Śabe tāra yānī an̐dherī rāta. (Record no. 55711)

MARC details
000 -LEADER
fixed length control field 00695cam a22002291 4500
001 - CONTROL NUMBER
control field sa 63004540
003 - CONTROL NUMBER IDENTIFIER
control field DLC
005 - DATE AND TIME OF LATEST TRANSACTION
control field 20260227111949.0
008 - FIXED-LENGTH DATA ELEMENTS--GENERAL INFORMATION
fixed length control field 890627s1962 ii 000 0 hino
010 ## - LIBRARY OF CONGRESS CONTROL NUMBER
LC control number sa 63004540
035 ## - SYSTEM CONTROL NUMBER
System control number (OCoLC)19933631
040 ## - CATALOGING SOURCE
Original cataloging agency DLC
Transcribing agency WaU
Modifying agency NRU
-- DLC
041 1# - LANGUAGE CODE
Language code of text/sound track or separate title hin
Language code of original fre
042 ## - AUTHENTICATION CODE
Authentication code premarc
050 00 - LIBRARY OF CONGRESS CALL NUMBER
Classification number PQ2625.A5
Item number P44 1962
100 1# - MAIN ENTRY--PERSONAL NAME
Personal name Maeterlinck, Maurice,
Dates associated with a name 1862-1949.
245 10 - TITLE STATEMENT
Title Śabe tāra yānī an̐dherī rāta.
Statement of responsibility, etc. Lekhaka Maurisa Meṭaralik̇a. Anuvādaka Premcanda [pseud.]
260 ## - PUBLICATION, DISTRIBUTION, ETC.
Place of publication, distribution, etc. Ilāhābāda,
Name of publisher, distributor, etc. Hansa Prakāśana
Date of publication, distribution, etc. [1962?]
300 ## - PHYSICAL DESCRIPTION
Extent 67 p.
Dimensions 22 cm.
500 ## - GENERAL NOTE
General note In Hindi.
500 ## - GENERAL NOTE
General note Translation of Pélléas et Mélisande.

No items available.

Powered by Koha